| 000 | 01385nam a2200265Ia 4500 | ||
|---|---|---|---|
| 999 |
_c53876 _d53876 |
||
| 001 | 20927 | ||
| 003 | GE_BSU | ||
| 005 | 20210617181720.0 | ||
| 008 | 181216s2015||||ge |||||||||||||| ||geo|| | ||
| 020 | _a978-9941-9427-6-1 | ||
| 040 | _cGE_BSU | ||
| 041 | _ageo | ||
| 080 | _a347.1(076.5) ბ–73 | ||
| 100 |
_aბიჭია, მიხეილ _98142 |
||
| 245 |
_aპრაქტიკუმი სამოქალაქო სამართლის ზოგად ნაწილში : საკონტროლო კითხვები, ტესტები, კაზუსები, პრაქტიკული ნიმუშები, კაზუსების ამოხსნა / _cმიხეილ ბიჭია ; რედაქტორი ქეთევან ქოჩაშვილი. |
||
| 264 |
_aთბილისი : _bბონა კაუზა, _c2015. |
||
| 300 |
_a218 გვ. ; _c20 სმ. |
||
| 490 | _aიურისტის ბიბლიოთეკა | ||
| 541 | _h11ლ. | ||
| 653 | _aსამართალი | ||
| 653 | _aსამოქალაქო სამართალი | ||
| 653 | _aპრაქტიკული სახელმძღვანელოები | ||
| 700 |
_aქოჩაშვილი, ქეთევან _eრედაქტორი _98194 |
||
| 942 |
_cBK _2udc |
||